书目信息 |
| 题名: |
可持续发展导论
|
|
| 作者: | 卡瓦尼亚罗 , 柯里尔 著 ;江波 , 陈海云 , 吴贇 译 | |
| 分册: | ||
| 出版信息: | 上海 同济大学出版社 2018.08 |
|
| 页数: | 327页 | |
| 开本: | 24cm | |
| 丛书名: | ||
| 单 册: | ||
| 中图分类: | X22 | |
| 科图分类: | ||
| 主题词: | 可持续性发展--ke chi xu xing fa zhan--研究 | |
| 电子资源: | ||
| ISBN: | 978-7-5608-7893-5 | |
| 000 | 01322nam0 2200313 450 | |
| 001 | 0100010018 | |
| 005 | 20190905093950.0 | |
| 010 | @a978-7-5608-7893-5@dCNY78.00 | |
| 100 | @a20190831d2018 em y0chiy50 ea | |
| 101 | 1 | @achi@cdut |
| 102 | @aCN@b310000 | |
| 105 | @aak a 000yy | |
| 106 | @ar | |
| 200 | 1 | @a可持续发展导论@Ake chi xu fa zhan dao lun@e社会·组织·领导力@f(荷) 埃琳娜·卡瓦尼亚罗, 乔治·柯里尔著@d= The three levels of sustainability@esociety organization leadership@fElena Cavagnaro, George Curiel@g江波, 陈海云, 吴赟译@zeng |
| 210 | @a上海@c同济大学出版社@d2018.08 | |
| 215 | @a327页@c图@d24cm | |
| 320 | @a有书目 (第273-297页) | |
| 330 | @a本书全面回顾了“可持续发展”理念的演变过程 (主要是在西方国家), 从社会、组织和领导力的视角深入对“可持续发展”问题进行阐述。 | |
| 510 | 1 | @aThree levels of sustainability@esociety organization leadership@zeng |
| 517 | 1 | @a社会·组织·领导力@Ashe hui · zu zhi · ling dao li |
| 606 | 0 | @a可持续性发展@Ake chi xu xing fa zhan@x研究 |
| 690 | @aX22@v5 | |
| 701 | 1 | @a卡瓦尼亚罗@Aka wa ni ya luo@g(Cavagnaro, Elena)@4著 |
| 701 | 1 | @a柯里尔@Ake li er@g(Curiel, George)@4著 |
| 702 | 0 | @a江波@Ajiang bo@4译 |
| 702 | 0 | @a陈海云@Achen hai yun@4译 |
| 702 | 0 | @a吴贇@Awu bin@4译 |
| 801 | 0 | @aCN@c20190905 |
| 905 | @a河南城建学院图书馆@dX22@eK104 | |
| 可持续发展导论:社会·组织·领导力/(荷) 埃琳娜·卡瓦尼亚罗, 乔治·柯里尔著= The three levels of sustainability:society organization leadership/Elena Cavagnaro, George Curiel/江波, 陈海云, 吴赟译.-上海:同济大学出版社,2018.08 |
| 327页:图;24cm |
| ISBN 978-7-5608-7893-5:CNY78.00 |
| 本书全面回顾了“可持续发展”理念的演变过程 (主要是在西方国家), 从社会、组织和领导力的视角深入对“可持续发展”问题进行阐述。 |
| ● |
| 相关链接 |
|
|
|
正题名:可持续发展导论
索取号:X22/K104
 
预约/预借
| 序号 | 登录号 | 条形码 | 馆藏地/架位号 | 状态 | 备注 |
| 1 | 1437404 | 214374041 | 自科库501/501自科库 64排5列5层/ [索取号:X22/K104] | 在馆 | |
| 2 | 1437405 | 214374050 | 自科库501/501自科库 64排5列5层/ [索取号:X22/K104] | 在馆 |